| 000 | 00514nam a2200181Ia 4500 | ||
|---|---|---|---|
| 008 | 230917s9999||||xx |||||||||||||| ||und|| | ||
| 020 | _cRS995 | ||
| 040 |
_e217777 _aMAIN |
||
| 041 | _aEnglish | ||
| 082 | _a301.04 H212S(8) | ||
| 100 | _aHaralambos, Michael | ||
| 245 | 0 | _aSociology: Themes and perspectives | |
| 250 | _a8th ed. | ||
| 260 |
_aLondon _bHarpercollins Publications _c2013 |
||
| 300 | _a1098 p. | ||
| 500 | _a1586 19/06/2014 535 20/06/2014 Sociology Project (In the name of S.R A) | ||
| 942 | _cBK | ||
| 999 |
_c11711 _d11711 |
||